Statistics for Double O Vocabulary Words

Click here to take the quiz!

General Stats

  • This quiz has been taken 166 times
  • The average score is 11 of 20

Answer Stats

definitionword% Correct
Inuit ice-homeigloo
96%
study of animalszoology
95%
curly-coated dog, often clipped decorativelypoodle
88%
type of large monkeybaboon
87%
soccer or gridiron, depending where you livefootball
85%
Californian tree that grows to great heightsredwood
66%
cool and distant; not friendlyaloof
63%
light cookie with coconut and egg-whitemacaroon
62%
what black smoke is made ofsoot
61%
1 followed by 100 zeroesgoogol
57%
crushing defeat, named after the Belgian village where one happenedwaterloo
56%
to leak slowlyooze
53%
maker of barrelscooper
49%
large Middle-Eastern tobacco pipehookah
49%
hot, spicy curryvindaloo
41%
death and destruction (and a mythical mountain's name)doom
38%
the military display, Edinburgh _____Tattoo
32%
book published annually reviewing the previous yearyearbook
25%
possibility or probabilitylikelihood
14%
small suburbneighborhood
12%

Score Distribution

Percentile by Number Answered

Percent of People with Each Score

Your Score History

You have not taken this quiz